000 01428nam a2200349 a 4500
003 BLK
005 20230725155935.0
008 180911b bul|||||r ||||||| ||bul||
010 _a001391
040 _aBLK
041 _aBUL
_cBUL
080 _aБългарска литература
_b821.163.2
_x-8
_z821.163.2-8
100 1 _aКостов, Стефан Лазаров
_983131
_d1879 – 1939
_qСтефан Лазаров Костов
139 _aКостов, Стефан Лазаров
245 0 0 _aИзбрани творби
_bДрама-сборници
_cСт. Л. Костов
260 _aСофия
_bМНП
_c1943
_fДърж. печ.
300 _a650 с., 1 л
_bпортр.
_c21 см
380 _a82
490 _aЧастна колекция - Академик Михаил Арнаудов
_gДарение - Основен фонд
_9396381
520 _aМихаил Арнаудов: негови-изрезка
520 _aКритични материали за комедиите на Ст. Л. Костов : в. Отеч. фронт, 14. V. 1961; 6. II. 1954.
650 _aДрама
_9153705
653 _aдрама
653 _aсборници
655 _aбългарска литература
852 _aМА 1995
852 _aЦб 13490
_bО
942 _cKNG
_n0
_s1
944 _aCR
_c1997
_k30556
_lТеодора Пейчева-Дянкова
944 _aED
_c2021-11-16
_kК.Д.
999 _c341761
_d341761
999 _d341761